Ч. 4 : Функциональная электроника; Электроника

Bibliografske podrobnosti
Parent link:Электроника: учебник для академического бакалавриата/ А. А. Щука; под ред. А. С. Сигова. Ч. 4 : Функциональная электроника.— 2-е изд., испр. и доп..— , 2016.— 978-5-9916-7521-5
Izvleček:Учебник состоит из четырех частей, каждая из которых содержит раздел электроники. В представленной четвертой части рассмотрена функциональная электроника. В содержание части введена историческая справка об этапах становления и развития данного направления электроники. Каждый раздел содержит контрольные вопросы и задачи с решениями, некоторые из них выполнены с помощью стандартных ком­пьютерных программ.Соответствует актуальным требованиям Федерального государственного образо­вательного стандарта высшего образования.Учебник предназначен для студентов электронных и радиотехнических специаль­ностей вузов, студентов, изучающих приборы и устройства вычислительной техники, аспирантов и инженеров соответствующих специальностей.
Jezik:ruščina
Izdano: 2016
Teme:
Format: MixedMaterials Knjiga
KOHA link:https://koha.lib.tpu.ru/cgi-bin/koha/opac-detail.pl?biblionumber=316819

MARC

LEADER 00000nam2a2200000 4500
001 316819
005 20231102002919.0
010 |a 9785991675222 
035 |a (RuTPU)RU\TPU\book\342287 
035 |a RU\TPU\book\340757 
090 |a 316819 
100 |a 20160330d2016 m y0rusy50 ca 
101 0 |a rus 
102 |a RU 
105 |a a j 001zy 
200 0 |a Ч. 4 : Функциональная электроника 
210 |d 2016 
215 |a 184 с.  |c ил. 
320 |a Библиография в конце разделов. 
330 |a Учебник состоит из четырех частей, каждая из которых содержит раздел электроники. В представленной четвертой части рассмотрена функциональная электроника. В содержание части введена историческая справка об этапах становления и развития данного направления электроники. Каждый раздел содержит контрольные вопросы и задачи с решениями, некоторые из них выполнены с помощью стандартных ком­пьютерных программ.Соответствует актуальным требованиям Федерального государственного образо­вательного стандарта высшего образования.Учебник предназначен для студентов электронных и радиотехнических специаль­ностей вузов, студентов, изучающих приборы и устройства вычислительной техники, аспирантов и инженеров соответствующих специальностей. 
461 1 |0 (RuTPU)RU\TPU\book\269535  |y 978-5-9916-7521-5  |t Электроника  |o учебник для академического бакалавриата  |o в 4 ч.  |f А. А. Щука  |g под ред. А. С. Сигова  |v Ч. 4 : Функциональная электроника  |e 2-е изд., испр. и доп.  |d 2016  |s Бакалавр. Академический курс 
606 1 |a Электроника  |2 stltpush  |3 (RuTPU)RU\TPU\subj\20310  |9 45419 
610 1 |a функциональная электроника 
610 1 |a функциональная акустоэлектроника 
610 1 |a функциональная диэлектрическая электроника 
610 1 |a функциональная полупроводниковая электроника 
610 1 |a функциональная магнитоэлектроника 
610 1 |a функциональная оптоэлектроника 
610 1 |a функциональная молекулярная электроника 
610 1 |a акустооптика 
610 1 |a приборы 
610 1 |a учебники 
675 |a 621.38(075.8)  |v 4 
801 1 |a RU  |b 63413507  |c 20160229 
801 2 |a RU  |b 63413507  |c 20160405  |g RCR 
900 |a Электроника 
942 |c BK 
951 |l 8.1 
959 |a 24/20160224  |d 1  |e 429,00  |f ЧЗГЛ:1